[Event "Mechanics' Fall TNM; 30/90, SD/30"]
[Site "San Francisco"]
[Date "2009.12.08"]
[Round "8.5"]
[White "Wong, Russell"]
[Black "Andries, Craig"]
[Result "1-0"]
[WhiteElo "2200"]
[BlackElo "1932"]
[PlyCount "100"]
[EventDate "2009.??.??"]

1. b4 f5 2. Bb2 Nf6 3. e3 e6 4. b5 d5 5. f4 Bd6 6. Nf3 O-O 7. Be2 a6 8. a4 axb5
9. axb5 Rxa1 10. Bxa1 c6 11. O-O cxb5 12. Bxb5 Qb6 13. Be2 Nc6 14. Kh1 Bd7 15.
Ne5 Bxe5 16. fxe5 Ne4 17. c4 Ra8 18. Nc3 Nxc3 19. Bxc3 d4 20. exd4 Nxd4 21. Bd3
Bc6 22. Rf4 Nb3 23. h3 Na5 24. Qh5 g6 25. Qg5 Qd8 26. Qxd8+ Rxd8 27. Bxf5 gxf5
28. Bxa5 Rd3 29. Kg1 Rg3 30. Rf2 Rb3 31. Bc3 Be4 32. g4 Kg7 33. Kh2 Kg6 34. Kg3
Rb1 35. gxf5+ Bxf5 36. Rf4 Rh1 37. h4 Rg1+ 38. Kf3 Rf1+ 39. Ke3 Re1+ 40. Kd4 b6
41. Bb4 Re2 42. d3 h6 43. Rf3 Rh2 44. Be7 Rg2 45. Kc3 Rg1 46. Rf4 Rd1 47. Rd4
Re1 48. Bf6 Rh1 49. Rd6 Kh5 50. Kc2 Rg1 {
Both score sheets end here. White later won.} 1-0

[Event "Mechanics' Spring TNM; 30/90, SD/30"]
[Site "San Francisco"]
[Date "2009.03.17"]
[Round "2.1"]
[White "Wong, Russell"]
[Black "Askin, David"]
[Result "1-0"]
[WhiteElo "2200"]
[BlackElo "1768"]
[PlyCount "93"]
[EventDate "2009.??.??"]

1. e4 c6 2. d4 d5 3. Nc3 dxe4 4. Nxe4 Nd7 5. Nf3 Ngf6 6. Ng3 g6 7. Bd3 Bg7 8.
O-O c5 9. c3 O-O 10. Qe2 cxd4 11. Nxd4 Re8 12. Rd1 a6 13. h3 Qc7 14. Bc4 b5 15.
Bb3 Nc5 16. Bc2 Ne6 17. Nxe6 Bxe6 18. Bb3 Bxb3 19. axb3 Qc6 20. b4 Nd7 21. Be3
Ne5 22. Bd4 Nc4 23. Bxg7 Kxg7 24. Rd3 Nd6 25. h4 h5 26. Qd2 Nc4 27. Qg5 Kh7 28.
b3 Nb6 29. Nxh5 gxh5 30. Qxh5+ Qh6 31. Qxf7+ Qg7 32. Qf4 Rf8 33. Qe4+ Kh8 34.
Rg3 Qf6 35. Rf3 Qg7 36. Rg3 Qf6 37. Rf1 Rg8 38. Rf3 Qg7 39. Rf5 Qg6 40. Qd4+
Kh7 41. Rg5 Qf7 42. Qxb6 Rxg5 43. hxg5 Qxb3 44. Qh6+ Kg8 45. g6 e5 46. Qh7+ Kf8
47. g7+ 1-0

[Event "Mechanics' Spring TNM; 30/90, SD/30"]
[Site "San Francisco"]
[Date "2009.03.31"]
[Round "3.6"]
[White "Wong, Russell"]
[Black "Farzaneh-Far, Ramin"]
[Result "1-0"]
[WhiteElo "2200"]
[BlackElo "1895"]
[PlyCount "81"]
[EventDate "2009.??.??"]

1. e4 e5 2. Nf3 Nc6 3. Bb5 a6 4. Ba4 Nf6 5. O-O Be7 6. Re1 b5 7. Bb3 d6 8. c3
O-O 9. h3 Na5 10. Bc2 c5 11. d4 Qc7 12. Nbd2 Nc6 13. Nf1 cxd4 14. cxd4 Nxd4 15.
Nxd4 exd4 16. Bb3 Qb6 17. Bf4 Be6 18. Ng3 Bxb3 19. Qxb3 Rfe8 20. Nf5 Bf8 21.
Qd3 d5 22. e5 Ne4 23. f3 Nc5 24. Qxd4 Qg6 25. Nd6 Ne6 26. Qd2 Red8 27. Bh2 d4
28. Rac1 Ra7 29. Rc6 h5 30. Ne4 h4 31. Qa5 Qh6 32. Rxe6 Qxe6 33. Qxd8 Rd7 34.
Qc8 Qd5 35. Nd6 Re7 36. Qxa6 Re6 37. Qc8 d3 38. Rd1 Qd4+ 39. Kh1 Qxb2 40. Ne4
Qxa2 41. Qc3 {and White won shortly.} 1-0

[Event "Mechanics' Spring TNM; 30/90, SD/30"]
[Site "San Francisco"]
[Date "2009.05.05"]
[Round "8.3"]
[White "Wong, Russell"]
[Black "Gaffagan, Steven"]
[Result "1-0"]
[WhiteElo "2200"]
[BlackElo "2029"]
[PlyCount "82"]
[EventDate "2009.??.??"]

1. b4 c6 2. c4 d5 3. c5 b6 4. d4 a5 5. Qa4 b5 6. Qa3 Ra6 7. e3 axb4 8. Qxb4 Ra7
9. Nf3 Na6 10. Qb2 f6 11. Bd2 Nc7 12. Nc3 Bd7 13. Be2 e5 14. O-O e4 15. Ne1 f5
16. a4 bxa4 17. Rxa4 Rxa4 18. Nxa4 Ne6 19. Nb6 Nf6 20. Nc2 Be7 21. Ra1 O-O 22.
Nb4 g5 23. Ra6 Be8 24. Ra8 Qc7 25. Qa2 Bd8 26. Qa6 Qg7 27. Qc8 Qf7 28. Nxc6 Bc7
29. Ne5 Bxe5 30. dxe5 Ng4 31. Nxd5 Bb5 32. Bxb5 Rxc8 33. Rxc8+ Kg7 34. h3 Qb7
35. Nb6 Nxc5 36. Rxc5 Qxb6 37. Rd5 Nh6 38. Rd7+ Kg8 39. Bc4+ Kf8 40. e6 Ng8 41.
Rd4 Nf6 1-0

[Event "Mechanics' Summer TNM; 30/90, SD/30"]
[Site "San Francisco"]
[Date "2009.06.25"]
[Round "5.3"]
[White "Wong, Russell"]
[Black "Grey, Peter"]
[Result "1-0"]
[WhiteElo "2200"]
[BlackElo "2000"]
[PlyCount "61"]
[EventDate "2009.??.??"]

1. b4 e5 2. Bb2 Bxb4 3. Bxe5 Nf6 4. e3 O-O 5. a3 Ba5 6. Qf3 d5 7. Bxf6 Qxf6 8.
Qxf6 gxf6 9. Ne2 c6 10. Nf4 Bf5 11. Bd3 Bxd3 12. Nxd3 Nd7 13. O-O Bc7 14. Nc3
Be5 15. Rab1 Bxc3 16. Rxb7 Bxd2 17. Rxd7 Rfd8 18. Rc7 Rdc8 19. Rxc8+ Rxc8 20.
Rb1 Ba5 21. Rb7 Rc7 22. Rxc7 Bxc7 23. Nb4 Bd6 24. Nxc6 Bxa3 25. Nxa7 Bc5 26.
Nc6 Kf8 27. c3 Ke8 28. Nb4 Bxb4 29. cxb4 Kd7 30. Kf1 Kc6 31. Ke2 1-0

[Event "Mechanics' Summer TNM; 30/90, SD/30"]
[Site "San Francisco"]
[Date "2009.07.07"]
[Round "7.6"]
[White "Wong, Russell"]
[Black "Krasnov, Steven"]
[Result "1-0"]
[WhiteElo "2200"]
[BlackElo "1940"]
[PlyCount "63"]
[EventDate "2009.??.??"]

1. b4 e5 2. Bb2 d6 3. e3 Be6 4. a3 Nd7 5. c4 c6 6. d4 Ngf6 7. Nc3 Nb6 8. dxe5
dxe5 9. c5 Nbd7 10. Nf3 h6 11. Qc2 Qc7 12. Be2 Be7 13. O-O O-O 14. Rfd1 Rfe8
15. Nh4 Bf8 16. Nf5 a5 17. Nd6 Red8 18. f4 axb4 19. axb4 Rxa1 20. Bxa1 exf4 21.
exf4 b6 22. f5 Bd5 23. Nxd5 Nxd5 24. Bh5 Bxd6 25. cxd6 Qxd6 26. b5 Rc8 27. Bf3
N7f6 28. Bxf6 Qxf6 29. Bxd5 c5 30. Bc6 Qg5 31. Qe4 h5 32. h3 1-0

[Event "Mechanics' Fall TNM; 30/90, SD/30"]
[Site "San Francisco"]
[Date "2009.11.17"]
[Round "5.14"]
[White "Wong, Russell"]
[Black "Leavens, Weston"]
[Result "1-0"]
[WhiteElo "2200"]
[BlackElo "1812"]
[PlyCount "97"]
[EventDate "2009.??.??"]

1. b4 e5 2. Bb2 f6 3. a3 d5 4. e3 Bd6 5. c4 Be6 6. Qb3 c6 7. c5 Bc7 8. d4 e4 9.
Nc3 Nh6 10. Nxe4 O-O 11. Nf3 Bf7 12. Ng3 Re8 13. Bd3 Nd7 14. Qc2 Nf8 15. O-O
Bg6 16. e4 Bxg3 17. fxg3 Bxe4 18. Bc1 Nf7 19. Bd2 Qd7 20. Rae1 Bxd3 21. Qxd3
Ng6 22. a4 a6 23. Rxe8+ Rxe8 24. b5 axb5 25. axb5 Re4 26. Rb1 Nd8 27. bxc6 bxc6
28. Qa6 Ne7 29. Rb8 Kf7 30. Bf4 Nf5 31. Qb6 Re8 32. Bc7 Qe7 33. h3 Qe3+ 34. Kh2
Ne6 35. Rxe8 Kxe8 36. Qxc6+ Kf7 37. Qxd5 Kg6 38. g4 Nxc7 39. Qxf5+ Kf7 40. Qd7+
Qe7 41. Qf5 Kg8 42. g5 fxg5 43. Nxg5 g6 44. Qc8+ Ne8 45. Ne6 Kf7 46. d5 g5 47.
Qb8 h5 48. Qb4 Kg6 49. h4 1-0

[Event "Mechanics' Wilkerson Mem TNM; 30/90, SD"]
[Site "San Francisco"]
[Date "2009.08.11"]
[Round "2.10"]
[White "Wong, Russell"]
[Black "Leavens, Weston"]
[Result "1-0"]
[WhiteElo "2200"]
[BlackElo "1803"]
[PlyCount "85"]
[EventDate "2009.??.??"]

1. b4 f5 2. Bb2 Nf6 3. a3 e6 4. e3 Be7 5. g3 O-O 6. Nf3 c6 7. Bg2 d5 8. O-O Bd7
9. d3 Be8 10. c4 Bh5 11. Qb3 Bxf3 12. Bxf3 Na6 13. Nd2 Nc7 14. Rad1 Qe8 15. Bg2
Ng4 16. h3 Nf6 17. Be5 -- {score says Ba7} 18. e4 Bd6 19. Bb2 Qf7 20. e5 Be7
21. exf6 Bxf6 22. f4 Qg6 23. Kh2 Rae8 24. Bxf6 gxf6 25. d4 Kh8 26. Rfe1 Rg8 27.
Nf1 h5 28. h4 Rg7 29. c5 Reg8 30. a4 e5 31. dxe5 fxe5 32. Rxe5 Ne6 33. Qe3 Nf8
34. Re7 Qf6 35. Rxg7 Rxg7 36. Re1 Ng6 37. Qe8+ Kh7 38. Bh3 Nxf4 39. gxf4 Qxh4
40. Qe3 Qf6 41. Qe5 Qh4 42. Qxf5+ Kh8 43. Re6 1-0

[Event "Mechanics' Winter TNM; 30/90, SD/30"]
[Site "San Francisco"]
[Date "2009.01.20"]
[Round "3.9"]
[White "Wong, Russell"]
[Black "Leavens, Weston"]
[Result "0-1"]
[WhiteElo "2200"]
[BlackElo "1797"]
[PlyCount "36"]
[EventDate "2009.??.??"]

1. e4 e6 2. d4 d5 3. e5 c5 4. Nf3 Nc6 5. c3 Qb6 6. Be2 cxd4 7. cxd4 f6 8. exf6
Nxf6 9. Nc3 Be7 10. O-O O-O 11. Bd3 Kh8 12. Ne2 Bd7 13. a3 Bd6 14. b4 e5 15.
Nxe5 Nxe5 16. dxe5 Bxe5 17. Rb1 Ng4 18. h3 Nxf2 0-1

[Event "Mechanics' Wilkerson Mem TNM; 30/90, SD"]
[Site "San Francisco"]
[Date "2009.09.15"]
[Round "7.1"]
[White "Wong, Russell"]
[Black "Lee, Andy C"]
[Result "0-1"]
[WhiteElo "2200"]
[BlackElo "2278"]
[PlyCount "68"]
[EventDate "2009.??.??"]

1. e4 e6 2. f4 d5 3. e5 c5 4. Nf3 Nc6 5. c3 Nh6 6. Bd3 f6 7. O-O Nf7 8. Qe2 Qb6
9. Kh1 Bd7 10. exf6 gxf6 11. Bf5 Ne7 12. Bh3 O-O-O 13. Re1 f5 14. d4 Ng6 15.
Be3 Qc7 16. g3 Nd6 17. dxc5 Ne4 18. b4 h5 19. Bd4 Rg8 20. Ne5 h4 21. Nxg6 Rxg6
22. Nd2 hxg3 23. Nxe4 dxe4 24. Be5 Qc6 25. Qe3 Bg7 26. Bxg7 Rxg7 27. Rg1 Be8
28. Rxg3 Rd3 29. Qe1 Rgxg3 30. hxg3 Bh5 31. Bf1 Rd2 32. Qxd2 e3+ 33. Qg2 Bf3
34. Re1 Qe4 0-1

[Event "Mechanics' Wilkerson Mem TNM; 30/90, SD"]
[Site "San Francisco"]
[Date "2009.08.25"]
[Round "4.2"]
[White "Wong, Russell"]
[Black "Manvelyan, Hayk"]
[Result "1-0"]
[WhiteElo "2200"]
[BlackElo "2071"]
[PlyCount "69"]
[EventDate "2009.??.??"]

1. e4 e6 2. f4 d5 3. e5 c5 4. Nf3 Nc6 5. c3 Nh6 6. Na3 Be7 7. Nc2 d4 8. d3 dxc3
9. bxc3 Nf5 10. Ne3 Nxe3 11. Bxe3 b6 12. Be2 Bb7 13. O-O O-O 14. Rb1 Qc7 15.
Qe1 Rfd8 16. d4 cxd4 17. cxd4 Ba3 18. Bd3 h6 19. Qc3 Qe7 20. Rb3 Bb4 21. Qb2
Ba5 22. a3 Qd7 23. Qb1 Ne7 24. f5 Nxf5 25. Bxf5 exf5 26. Nh4 Be4 27. Qd1 Qe6
28. Bf4 Rac8 29. Rg3 Rc3 30. Be3 Kf8 31. Qh5 b5 32. Nxf5 Bxf5 33. Rxf5 Ke8 34.
Rxg7 Rxe3 35. Rfxf7 1-0

[Event "Mechanics' Wilkerson Mem TNM; 30/90, SD"]
[Site "San Francisco"]
[Date "2009.09.29"]
[Round "9.2"]
[White "Wong, Russell"]
[Black "Margulis, Igor"]
[Result "1-0"]
[WhiteElo "2200"]
[BlackElo "2115"]
[PlyCount "31"]
[EventDate "2009.??.??"]

1. e4 g6 2. f4 Bg7 3. Nf3 d6 4. d4 Nd7 5. Bc4 e6 6. Bb3 b5 7. f5 exf5 8. exf5
Qe7+ 9. Kf2 Ndf6 10. Re1 Ne4+ 11. Kg1 Bb7 12. Ng5 d5 13. Nc3 O-O-O 14. Ncxe4
dxe4 15. Nxf7 Bxd4+ 16. Kh1 {
Both score sheets are illegible from this point onwards. White won in 30 moves.
} 1-0

[Event "Mechanics' Winter TNM; 30/90, SD/30"]
[Site "San Francisco"]
[Date "2009.02.03"]
[Round "5.12"]
[White "Wong, Russell"]
[Black "Milliken, William"]
[Result "1/2-1/2"]
[WhiteElo "2200"]
[BlackElo "1657"]
[PlyCount "88"]
[EventDate "2009.??.??"]

1. e4 e5 2. Nf3 Nc6 3. Bb5 f5 4. d3 fxe4 5. dxe4 Nf6 6. O-O Bc5 7. Nc3 d6 8. h3
O-O 9. Bc4+ Kh8 10. Ng5 Qe7 11. Nd5 Nxd5 12. exd5 Nd4 13. Be3 h6 14. Ne4 Bb6
15. c3 Nf5 16. Bxb6 axb6 17. Qh5 Nh4 18. Rae1 Bf5 19. Ng3 Ra4 20. b4 Bg6 21.
Qd1 Qd7 22. Re3 Rf4 23. Bb3 Ra8 24. Ne2 Rf6 25. Ng3 Raf8 26. Bc2 Qf7 27. Bxg6
Nxg6 28. Ne4 Rf4 29. g3 Rf3 30. Rxf3 Qxf3 31. Qxf3 Rxf3 32. Rd1 Kg8 33. Kf1 Rf8
34. Ke2 Ra8 35. Rd2 Kf7 36. Kd1 Ne7 37. Kc1 Nf5 38. Kb2 Ke7 39. Rd3 Kf7 40. c4
Nd4 41. c5 bxc5 42. bxc5 dxc5 43. Nxc5 Ra5 44. Nd7 Rxd5 1/2-1/2

[Event "Mechanics' Summer TNM; 30/90, SD/30"]
[Site "San Francisco"]
[Date "2009.07.14"]
[Round "8.3"]
[White "Wong, Russell"]
[Black "Rozenvasser, Anthony"]
[Result "0-1"]
[WhiteElo "2200"]
[BlackElo "2167"]
[PlyCount "62"]
[EventDate "2009.??.??"]

1. b4 e5 2. Bb2 Bxb4 3. Bxe5 Nf6 4. e3 d5 5. a3 Ba5 6. Nf3 O-O 7. Be2 c5 8. O-O
Nc6 9. Bb2 Bc7 10. d3 Qd6 11. Nbd2 Ng4 12. g3 f5 13. Nh4 Qh6 14. Bf3 Be6 15. h3
Nxe3 16. fxe3 Bxg3 17. Ng2 Qxh3 18. Rf2 g5 19. Nf1 Bxf2+ 20. Kxf2 d4 21. exd4
Nxd4 22. Bxd4 cxd4 23. Qe2 Qh6 24. Ng3 g4 25. Bxb7 f4 26. Rh1 fxg3+ 27. Kxg3
Qxh1 28. Qxe6+ Rf7 29. Kxg4 Raf8 30. Bd5 Kh8 31. Nh4 Rf4+ 0-1

[Event "Mechanics' Spring TNM; 30/90, SD/30"]
[Site "San Francisco"]
[Date "2009.04.14"]
[Round "5.3"]
[White "Wong, Russell"]
[Black "Russell, Joe"]
[Result "1-0"]
[WhiteElo "2200"]
[BlackElo "1831"]
[PlyCount "51"]
[EventDate "2009.??.??"]

1. d4 d5 2. c4 c6 3. Nc3 Nf6 4. Bg5 e6 5. e3 Nbd7 6. Nf3 h6 7. Bh4 g5 8. Bg3
Bb4 9. Nd2 Qe7 10. c5 e5 11. Be2 h5 12. Qb3 Ba5 13. h4 g4 14. O-O-O b6 15. Qa3
Bxc3 16. Qxc3 exd4 17. exd4 O-O 18. Rhe1 Qd8 19. Qe3 Nh7 20. Bd3 Qf6 21. Bd6
bxc5 22. dxc5 a5 23. Bxh7+ Kxh7 24. Bxf8 Nxf8 25. Qe7 Qg7 26. Re5 1-0

[Event "Mechanics' Winter TNM; 30/90, SD/30"]
[Site "San Francisco"]
[Date "2009.02.17"]
[Round "7.7"]
[White "Wong, Russell"]
[Black "Russell, Joe"]
[Result "1-0"]
[WhiteElo "2200"]
[BlackElo "1831"]
[PlyCount "76"]
[EventDate "2009.??.??"]

1. e4 e6 2. c4 d5 3. Nc3 d4 4. Nce2 e5 5. d3 c5 6. f4 Nc6 7. Nf3 Bd6 8. g3 f5
9. exf5 Bxf5 10. Nh4 Nge7 11. Bg2 O-O 12. O-O Qc7 13. fxe5 Bxe5 14. Nf4 Bxf4
15. Bxf4 Qd7 16. Nxf5 Qxf5 17. Qd2 Qd7 18. Be4 Rf7 19. Qg2 Raf8 20. a3 b6 21.
h3 h6 22. Rae1 g5 23. Bd2 Rxf1+ 24. Rxf1 Rxf1+ 25. Qxf1 Qd6 26. Kg2 Kg7 27. Qd1
Ne5 28. Qh5 Qf6 29. h4 Qf7 30. Qe2 Qf6 31. hxg5 hxg5 32. Qh5 Nf7 33. b4 Qh6 34.
Qg4 Ng6 35. bxc5 bxc5 36. Qc8 Qh5 37. Bf3 Qh7 38. Qxc5 Nge5 1-0

[Event "Mechanics' Summer TNM; 30/90, SD/30"]
[Site "San Francisco"]
[Date "2009.05.26"]
[Round "1.1"]
[White "Wong, Russell"]
[Black "Salvo, Tab"]
[Result "1-0"]
[WhiteElo "2200"]
[BlackElo "1723"]
[PlyCount "26"]
[EventDate "2009.??.??"]

1. b4 d6 2. Bb2 e5 3. e3 a6 4. c4 Nf6 5. Qc2 Be7 6. Nf3 O-O 7. Be2 b6 8. O-O
Bb7 9. d3 Nbd7 10. Nbd2 Rc8 11. d4 e4 12. Ng5 d5 13. c5 c6 {
Both scoresheets are indecipherable from this point on. White won in 38 moves.}
1-0

[Event "Mechanics' Wilkerson Mem TNM; 30/90, SD"]
[Site "San Francisco"]
[Date "2009.09.08"]
[Round "6.1"]
[White "Wong, Russell"]
[Black "Shakhnazarov, Oleg"]
[Result "1-0"]
[WhiteElo "2200"]
[BlackElo "2194"]
[PlyCount "91"]
[EventDate "2009.??.??"]

1. e4 e6 2. f4 Be7 3. Nf3 d6 4. d4 h6 5. Nc3 g5 6. h3 Nd7 7. Be3 a6 8. fxg5
hxg5 9. Qd2 g4 10. Ng1 Bh4+ 11. Bf2 e5 12. O-O-O Bxf2 13. Qxf2 Qf6 14. Qd2 Ne7
15. d5 Ng6 16. Be2 Nb6 17. a4 Bd7 18. a5 Nc8 19. Rf1 Qh4 20. Qe3 Nce7 21. Kb1
f5 22. g3 Qh7 23. exf5 Nxf5 24. Qd3 Nfe7 25. Ne4 Qg7 26. Nf6+ Kd8 27. Nxd7 Kxd7
28. Bxg4+ Kd8 29. Nf3 Nf8 30. Nh4 Qg8 31. c4 b5 32. axb6 cxb6 33. Rf6 Kc7 34.
Rxd6 Qg7 35. Rf1 Kxd6 36. Qa3+ Kc7 37. d6+ Kb7 38. dxe7 Ng6 39. Nxg6 Qxg6+ 40.
Bf5 Qc6 41. Qd3 Kc7 42. Be4 Qc5 43. Bxa8 Rxa8 44. Qg6 Qd4 45. Qf7 Qd3+ 46. Ka1
1-0

[Event "Mechanics' Summer TNM; 30/90, SD/30"]
[Site "San Francisco"]
[Date "2009.06.09"]
[Round "3.1"]
[White "Wong, Russell"]
[Black "Shin, Kyle"]
[Result "0-1"]
[WhiteElo "2200"]
[BlackElo "1960"]
[PlyCount "45"]
[EventDate "2009.??.??"]

1. b4 d5 2. Bb2 Nf6 3. e3 Bg4 4. f3 Bh5 5. Ne2 Nbd7 6. Ng3 Bg6 7. c4 e6 8. c5
c6 9. d4 Be7 10. Nc3 O-O 11. Bd3 Qc7 12. O-O Rfe8 13. Bxg6 hxg6 14. e4 dxe4 15.
fxe4 Rad8 16. Qf3 Rf8 17. a3 b6 18. e5 Nd5 19. Nge4 a5 20. Nxd5 cxd5 21. Nd6
Bxd6 22. exd6 Qc6 23. Bc3 {Remaining moves unplayable - 0-1 in 38 moves.} 0-1

[Event "Mechanics' Fall TNM; 30/90, SD/30"]
[Site "San Francisco"]
[Date "2009.11.10"]
[Round "4.14"]
[White "Wong, Russell"]
[Black "Woebcke, Carl"]
[Result "0-1"]
[WhiteElo "2200"]
[BlackElo "1649"]
[PlyCount "66"]
[EventDate "2009.??.??"]

1. e4 c5 2. Nf3 d6 3. d4 cxd4 4. Nxd4 Nf6 5. Nc3 a6 6. Bg5 e6 7. Qd2 b5 8. f3
Bb7 9. O-O-O b4 10. Na4 Qa5 11. b3 Nc6 12. Be3 Nd7 13. Kb1 Rc8 14. Bc4 Nce5 15.
Be2 Nc5 16. Nxc5 dxc5 17. Nxe6 fxe6 18. f4 Bxe4 19. fxe5 Rd8 20. Qxd8+ Qxd8 21.
Rxd8+ Kxd8 22. Rd1+ Kc7 23. Bxa6 Bxg2 24. Bc4 Bh3 25. Bb5 Kb6 26. Ba4 g6 27.
Rd7 h5 28. Bg5 Rg8 29. Bd8+ Ka6 30. Bf6 g5 31. Bc6 Bf5 32. Kb2 g4 33. Rh7 Bxh7
0-1

[Event "Mechanics' Spring TNM; 30/90, SD/30"]
[Site "San Francisco"]
[Date "2009.04.14"]
[Round "5.23"]
[White "Yamamoto, Craig"]
[Black "Capdeville, Barry"]
[Result "1-0"]
[WhiteElo "1553"]
[BlackElo "1184"]
[PlyCount "63"]
[EventDate "2009.??.??"]

1. e4 c5 2. Nf3 d6 3. d4 cxd4 4. Nxd4 Nf6 5. Nc3 a6 6. Be2 e6 7. O-O Be7 8. Kh1
O-O 9. f4 Nbd7 10. Bf3 Qc7 11. g4 Kh8 12. g5 Ng8 13. f5 Bd8 14. fxe6 Nc5 15.
Nd5 Qb8 16. exf7 Ne7 17. Nxe7 Bxe7 18. g6 Bf6 19. Bf4 Ne6 20. Nxe6 Bxe6 21.
Bxd6 Rd8 22. Bxb8 Rxd1 23. Rfxd1 Rxb8 24. Rd6 Bh3 25. c3 hxg6 26. Rg1 Kh7 27.
Bg4 Bxg4 28. Rxg4 g5 29. Rg2 Kg6 30. e5 Rd8 31. Rxd8 Bxd8 32. f8=Q 1-0

[Event "Mechanics' Spring TNM; 30/90, SD/30"]
[Site "San Francisco"]
[Date "2009.03.31"]
[Round "3.17"]
[White "Yamamoto, Craig"]
[Black "Lum, Michael K"]
[Result "0-1"]
[WhiteElo "1553"]
[BlackElo "1804"]
[PlyCount "84"]
[EventDate "2009.??.??"]

1. e4 c6 2. d4 d5 3. Nc3 dxe4 4. Nxe4 Nf6 5. Nxf6+ gxf6 6. Bf4 Bf5 7. c3 e6 8.
Qd2 Bd6 9. Nf3 Qc7 10. Bg3 Nd7 11. Bd3 Bxd3 12. Qxd3 O-O-O 13. O-O-O Kb8 14.
Kb1 Bxg3 15. hxg3 f5 16. Ng5 Nf6 17. Qe2 h6 18. Nf3 Ne4 19. Qe3 Rdg8 20. Ne5 h5
21. Rh4 c5 22. Nf3 Rd8 23. Rdh1 cxd4 24. Nxd4 Qb6 25. f3 Nxg3 26. R1h3 Rhg8 27.
f4 Ne4 28. Rxh5 Rxg2 29. Qc1 Nd2+ 30. Ka1 Rf2 31. Rh1 Nc4 32. R5h2 Rxh2 33.
Rxh2 Nd6 34. Rh3 Rg8 35. Qf1 Nb5 36. Nf3 Qe3 37. a4 Nxc3 38. bxc3 Qxc3+ 39. Ka2
Qc2+ 40. Ka3 Rc8 41. Qb5 Rc3+ 42. Kb4 Rb3+ 0-1

[Event "Mechanics' Spring TNM; 30/90, SD/30"]
[Site "San Francisco"]
[Date "2009.05.05"]
[Round "8.19"]
[White "Yamamoto, Craig"]
[Black "Russell, Joe"]
[Result "1-0"]
[WhiteElo "1553"]
[BlackElo "1831"]
[PlyCount "67"]
[EventDate "2009.??.??"]

1. d4 d5 2. c4 c6 3. Nf3 Nf6 4. Bf4 e6 5. e3 Bb4+ 6. Nbd2 O-O 7. Bd3 a6 8. O-O
Nbd7 9. a3 Ba5 10. b4 Bc7 11. Bxc7 Qxc7 12. c5 e5 13. Nxe5 Nxe5 14. dxe5 Qxe5
15. Nf3 Qh5 16. Nd4 Qg5 17. Qf3 Bg4 18. Qf4 Qxf4 19. exf4 Bd7 20. Nf5 g6 21.
Nd6 Rab8 22. Rfe1 Ne8 23. Re7 Nxd6 24. Rxd7 Rbd8 25. Rxd6 Rxd6 26. cxd6 Rd8 27.
Re1 Rxd6 28. Re7 Re6 29. Rxe6 fxe6 30. Kf1 Kf7 31. Ke2 Kf6 32. h4 e5 33. Ke3 e4
34. Be2 1-0

[Event "Mechanics' Fall TNM; 30/90, SD/30"]
[Site "San Francisco"]
[Date "2009.11.03"]
[Round "3.13"]
[White "Yamamoto, Craig"]
[Black "Sanguinetti, George"]
[Result "0-1"]
[WhiteElo "1651"]
[BlackElo "1922"]
[PlyCount "26"]
[EventDate "2009.??.??"]

1. e4 Nf6 2. Nc3 d5 3. exd5 Nxd5 4. Nxd5 Qxd5 5. d4 Nc6 6. c3 e5 7. dxe5 Qxd1+
8. Kxd1 Nxe5 9. Be2 Bg4 10. Bxg4 Nxg4 11. Ke2 Bc5 12. Nh3 O-O-O 13. Bd2 Rhe8+
0-1

[Event "Mechanics' Wilkerson Mem TNM; 30/90, SD"]
[Site "San Francisco"]
[Date "2009.09.08"]
[Round "6.16"]
[White "Zhang, Jeffrey"]
[Black "Campers, Willie"]
[Result "0-1"]
[WhiteElo "1491"]
[BlackElo "1771"]
[PlyCount "198"]
[EventDate "2009.??.??"]

1. d4 Nf6 2. Nf3 d5 3. Bf4 c6 4. e3 Bg4 5. Nbd2 e6 6. h3 Bh5 7. Bd3 Nbd7 8. c3
Be7 9. Rc1 b5 10. b4 a5 11. Qb3 Bg6 12. Bxg6 hxg6 13. a3 axb4 14. cxb4 Qb6 15.
Qb2 O-O 16. O-O Ra6 17. Nb3 Ne4 18. Na5 Rc8 19. Nd2 Ndf6 20. Be5 Nxd2 21. Bxf6
Nf3+ 22. gxf3 Bxf6 23. Rc2 Qd8 24. Rfc1 Qd7 25. Qc3 Bd8 26. Qd2 Bxa5 27. bxa5
Qd8 28. Rc5 Qxa5 29. Qxa5 Rxa5 30. Rxc6 Rxc6 31. Rxc6 Rxa3 32. Rb6 Ra1+ 33. Kg2
Rb1 34. f4 Kf8 35. Kf3 b4 36. Rb7 b3 37. Ke2 b2 38. Kd2 Rf1 39. Rxb2 Rxf2+ 40.
Kc3 Rf3 41. Kd3 Rxh3 42. Rb8+ Ke7 43. Rg8 Kf6 44. Ke2 Rg3 45. Kf2 Rh3 46. Ke2
Rh7 47. Kf3 Kf5 48. Rf8 Kf6 49. Rg8 g5 50. fxg5+ Kxg5 51. Rf8 Kf6 52. Rg8 Kf5
53. Rf8 f6 54. Rf7 Rh3+ 55. Kf2 g5 56. Ke2 g4 57. Kf2 Rh6 58. Re7 e5 59. dxe5
fxe5 60. Rd7 Ke4 61. Ra7 Kf5 62. Rd7 Ke4 63. Rg7 Rh4 64. Rg5 Rh2+ 65. Kg1 Rh4
66. Kf2 d4 67. exd4 exd4 68. Ke2 Rh2+ 69. Ke1 Ke3 70. Re5+ Kf4 71. Rd5 Ke4 72.
Rg5 Rh4 73. Kf2 Kf4 74. Rd5 g3+ 75. Kg2 Rh2+ 76. Kf1 Rd2 77. Ke1 g2 78. Kxd2
g1=Q 79. Kd3 Qe3+ 80. Kc4 Qc3+ 81. Kb5 d3 82. Ka4 Qc6+ 83. Rb5 d2 84. Ka5 Qxb5+
85. Kxb5 d1=Q 86. Kc5 Ke4 87. Kc6 Ke5 88. Kc7 Ke6 89. Kc6 Qc1+ 90. Kb5 Kd6 91.
Kb4 Kd5 92. Kb3 Kd4 93. Ka2 Qc7 94. Kb2 Kd3 95. Kb3 Qb7+ 96. Ka3 Kc2 97. Ka4
Kc3 98. Ka5 Kc4 99. Ka4 Qa6# 0-1

[Event "Mechanics' Wilkerson Mem TNM; 30/90, SD"]
[Site "San Francisco"]
[Date "2009.09.22"]
[Round "8.18"]
[White "Zhang, Jeffrey"]
[Black "Hack, Richard"]
[Result "1/2-1/2"]
[WhiteElo "1491"]
[BlackElo "1708"]
[PlyCount "59"]
[EventDate "2009.??.??"]

1. d4 f5 2. Nf3 e6 3. Bf4 Nf6 4. e3 Be7 5. h3 O-O 6. Bd3 c6 7. c3 d5 8. Nbd2
Nbd7 9. Ne5 Nxe5 10. Bxe5 Ne4 11. Nf3 Bd7 12. Bh2 Be8 13. Bxe4 fxe4 14. Ne5 Bh4
15. O-O Rc8 16. Qg4 Rf5 17. Bg3 Bxg3 18. fxg3 h5 19. Qe2 Qg5 20. g4 Rf6 21. Rf2
c5 22. Raf1 a6 23. Kh2 Bb5 24. c4 dxc4 25. a4 cxd4 26. exd4 hxg4 27. Nxg4 Rxf2
28. Rxf2 c3 29. Qxe4 e5 30. bxc3 1/2-1/2

[Event "Mechanics' Wilkerson Mem TNM; 30/90, SD"]
[Site "San Francisco"]
[Date "2009.08.04"]
[Round "2.16"]
[White "Zhang, Jeffrey"]
[Black "Todortsev, Victor"]
[Result "1/2-1/2"]
[WhiteElo "1491"]
[BlackElo "1945"]
[PlyCount "82"]
[EventDate "2009.??.??"]

1. d4 Nf6 2. Nf3 g6 3. Bf4 Bg7 4. e3 d6 5. h3 O-O 6. Be2 c5 7. c3 cxd4 8. cxd4
a6 9. Nc3 b5 10. a3 Bb7 11. O-O Nbd7 12. Rc1 Rc8 13. Qd2 Nb6 14. Rfd1 Nc4 15.
Bxc4 Rxc4 16. Ne2 Rxc1 17. Rxc1 Bxf3 18. gxf3 Qd7 19. Kg2 Rc8 20. Rxc8+ Qxc8
21. Qc3 Qb7 22. Qc2 Nd5 23. Bh2 e5 24. dxe5 dxe5 25. e4 Nb6 26. Nc3 Qd7 27. Qb3
Nc4 28. a4 Qd3 29. axb5 Nd2 30. Qd1 axb5 31. Nxb5 f5 32. Nc3 Qd4 33. Nb1 Bh6
34. Nxd2 Bxd2 35. Bxe5 Qxe5 36. Qxd2 fxe4 37. fxe4 Qxe4+ 38. Kg3 h5 39. Qg5 Kg7
40. h4 Qe1 41. Qd5 Qb4 1/2-1/2